| Tag |
First Indicator |
Second Indicator |
Subfields |
| LEADER |
00000cam a2200000 4500 |
| 001 |
in00000076370 |
| 005 |
20151008052700.0 |
| 008 |
741209s1931 mau b 00000 eng u |
| 010 |
|
|
|a 31034337
|
| 035 |
|
|
|a (OCoLC)01101389
|
| 035 |
|
|
|9 AAH4442AM
|
| 040 |
|
|
|c TLM
|d TXA
|d UtOrBLW
|
| 049 |
|
|
|a TXAM
|c [47697]
|
| 050 |
0 |
0 |
|a LB2822
|b .A55
|
| 092 |
|
|
|a 371.2
|b A334s
|
| 100 |
1 |
|
|a Alberty, Harold Bernard,
|d 1890-
|
| 245 |
1 |
0 |
|a Supervision in the secondary school /
|c by H. B. Alberty ... and V. T. Thayer ...
|
| 264 |
|
1 |
|a Boston,
|a New York [etc.] :
|b D.C. Heath and company,
|c [1931]
|
| 264 |
|
4 |
|c [©1931]
|
| 300 |
|
|
|a viii, 471 pages :
|b diagrams ;
|c 20 cm.
|
| 336 |
|
|
|a text
|b txt
|2 rdacontent
|
| 337 |
|
|
|a unmediated
|b n
|2 rdamedia
|
| 338 |
|
|
|a volume
|b nc
|2 rdacarrier
|
| 500 |
|
|
|a "Additional readings" at end of each chapter except chapters I and IX.
|
| 650 |
|
0 |
|a School management and organization.
|
| 650 |
|
0 |
|a School superintendents.
|
| 650 |
|
0 |
|a Education, Secondary.
|
| 650 |
|
0 |
|a Teaching.
|
| 700 |
1 |
|
|a Thayer, Vivian Trow,
|d 1886-
|
| 999 |
|
|
|a MARS
|
| 999 |
f |
f |
|s e4dd5e51-f5d5-38e0-a5c7-0ba3958e09ed
|i ff941912-b9fb-375d-9bfc-225ace725e8d
|t 0
|
| 952 |
f |
f |
|p normal
|a Texas A&M University
|b College Station
|c Sterling C. Evans Library
|d Evans: Library Stacks
|t 0
|e LB2822 .A55
|h Library of Congress classification
|i unmediated -- volume
|m A14800830850
|
| 998 |
f |
f |
|a LB2822 .A55
|t 0
|l Evans: Library Stacks
|